English communication arts and skills IV : through world literature / (Record no. 8563)
[ view plain ]
| 000 -LEADER | |
|---|---|
| fixed length control field | 00720nam a22002057a 4500 |
| 003 - CONTROL NUMBER IDENTIFIER | |
| control field | OSt |
| 005 - DATE AND TIME OF LATEST TRANSACTION | |
| control field | 20260226051408.0 |
| 008 - FIXED-LENGTH DATA ELEMENTS--GENERAL INFORMATION | |
| fixed length control field | 260226b |||||||| |||| 00| 0 eng d |
| 020 ## - INTERNATIONAL STANDARD BOOK NUMBER | |
| International Standard Book Number | 971-791-153-3 |
| 040 ## - CATALOGING SOURCE | |
| Original cataloging agency | DWCL-Main Lib |
| Transcribing agency | OC |
| 082 ## - DEWEY DECIMAL CLASSIFICATION NUMBER | |
| Edition number | 4th ed. |
| Classification number | Fil. 808.8 Se487 2000 |
| 100 ## - MAIN ENTRY--PERSONAL NAME | |
| Personal name | Serrano, Josephine B. /Lapid , Milagros G. |
| 245 ## - TITLE STATEMENT | |
| Title | English communication arts and skills IV : through world literature / |
| 260 ## - PUBLICATION, DISTRIBUTION, ETC. | |
| Place of publication, distribution, etc. | Quezon City : |
| Name of publisher, distributor, etc. | Sibs Pub., |
| Date of publication, distribution, etc. | c2000. |
| 300 ## - PHYSICAL DESCRIPTION | |
| Extent | ix , 333 p. : |
| Other physical details | ill. ; |
| Dimensions | 26 cm. |
| 504 ## - BIBLIOGRAPHY, ETC. NOTE | |
| Bibliography, etc. note | 1. Includes glossary and index. |
| 650 ## - SUBJECT ADDED ENTRY--TOPICAL TERM | |
| Topical term or geographic name entry element | Literature - World - Study and teaching (Secondary) - Philippines. |
| 650 ## - SUBJECT ADDED ENTRY--TOPICAL TERM | |
| Topical term or geographic name entry element | Literature - World. |
| 942 ## - ADDED ENTRY ELEMENTS (KOHA) | |
| Source of classification or shelving scheme | Dewey Decimal Classification |
| Koha item type | Book-Filipiniana |
| Edition | 4th ed. |
| Call number suffix | Fil. |
| Suppress in OPAC | No |
| 952 ## - LOCATION AND ITEM INFORMATION (KOHA) | |
| -- | |
| 952 ## - LOCATION AND ITEM INFORMATION (KOHA) | |
| -- | |
| Withdrawn status | Lost status | Source of classification or shelving scheme | Damaged status | Not for loan | Home library | Current library | Shelving location | Date acquired | Source of acquisition | Total Checkouts | Full call number | Barcode | Date last seen | Copy number | Price effective from | Koha item type | Uniform Resource Identifier |
|---|---|---|---|---|---|---|---|---|---|---|---|---|---|---|---|---|---|
| Dewey Decimal Classification | Junior High School Library | Junior High School Library | Filipiniana | 06/01/2010 | Donation | Fil. 808.8 Se487 2000 | JHS - 15610 | 02/26/2026 | c2 | 02/26/2026 | BK-FIL | ||||||
| Dewey Decimal Classification | Junior High School Library | Junior High School Library | Filipiniana | 06/01/2010 | Donation | Fil. 808.8 Se487 2000 | JHS - 14738 | 02/26/2026 | c1 | 02/26/2026 | BK-FIL |